[Event "Bad Woerishofen 2017 - Senioren"]
[Site "Bad Woerishofen"]
[Date "2017.03.16"]
[Round "7.61"]
[White "Mack, Friedemann"]
[Black "Koch, Dieter"]
[Result "1/2-1/2"]
[WhiteElo "1517"]
[BlackElo "1725"]
[Annotator "chessorg"]
[PlyCount "84"]
[EventDate "2017.??.??"]
[WhiteTeam "TSG Steinheim"]
[BlackTeam "SC Ammersee"]

1. d4 d6 2. c4 Nd7 3. Nc3 e5 4. Nf3 c6 5. e3 Qe7 6. Be2 e4 7. Nd2 f5 8. Nf1
Ndf6 9. Ng3 a6 10. b3 g6 11. Bb2 Bg7 12. Qd2 h5 13. h4 Nh6 14. O-O-O Nhg4 15.
Bf1 Bh6 16. Kb1 O-O 17. c5 d5 18. Qe1 Qc7 19. Bc1 a5 20. Na4 Be6 21. Nb6 Nd7
22. Nxa8 Rxa8 23. f3 Ngf6 24. Ne2 Nf8 25. Nc3 N6d7 26. Na4 b5 27. Nc3 Rb8 28.
Rd2 Bg7 29. f4 Nxc5 30. Rc2 b4 31. Nxd5 Bxd5 32. Rxc5 Nd7 33. Rc2 Qb6 34. Bb2
a4 35. Bc4 Qa5 36. Bxd5+ Qxd5 37. Rc4 Qb5 38. Qc1 axb3 39. axb3 Nb6 40. Rxc6
Qd3+ 41. Qc2 Qxe3 42. Rxg6 Nd5 1/2-1/2

[Event "Bad Woerishofen 2017 - Senioren"]
[Site "Bad Woerishofen"]
[Date "2017.03.16"]
[Round "7.62"]
[White "Narr, Irmgard"]
[Black "Thonig, Manfred"]
[Result "1-0"]
[WhiteElo "1694"]
[BlackElo "1544"]
[Annotator "chessorg"]
[PlyCount "91"]
[EventDate "2017.??.??"]
[WhiteTeam "SC Muehlh.-R.Nuernberg"]
[BlackTeam "SK Großweil"]

1. e4 e5 2. Bc4 Nf6 3. d3 Bb4+ 4. c3 Ba5 5. Nf3 O-O 6. Nxe5 d6 7. Nf3 Bb6 8.
Bg5 Nc6 9. O-O h6 10. Bh4 g5 11. Bg3 Na5 12. Nbd2 Nh5 13. Bb3 c5 14. Bc2 Be6
15. Kh1 Qd7 16. Ba4 Qc8 17. e5 d5 18. d4 c4 19. Rc1 Bd8 20. Bc2 Nc6 21. Bb1 Ne7
22. h3 Nxg3+ 23. fxg3 Nf5 24. Bxf5 Bxf5 25. Ng1 Kh7 26. Qf3 Be6 27. Rf2 g4 28.
hxg4 Qd7 29. Qd1 Bxg4 30. Qc2+ Kg7 31. Ndf3 Qe6 32. Nh4 Bxh4 33. gxh4 f5 34.
Rcf1 Rf7 35. Nf3 Raf8 36. Kh2 f4 37. Qd2 Kh7 38. Ne1 Qf5 39. b3 b5 40. Nc2 Bh5
41. Nb4 Qg4 42. Nxd5 Qg3+ 43. Kg1 Qxh4 44. Nf6+ Kg6 45. Rxf4 Qg5 46. Qc2+ 1-0

[Event "Bad Woerishofen 2017 - Senioren"]
[Site "Bad Woerishofen"]
[Date "2017.03.16"]
[Round "7.63"]
[White "Walther, Renate"]
[Black "Huba, Mark"]
[Result "0-1"]
[WhiteElo "1196"]
[BlackElo "1590"]
[Annotator "chessorg"]
[PlyCount "64"]
[EventDate "2017.??.??"]
[WhiteTeam "SK 1911 Herzogenaurach"]
[BlackTeam "Kings Head"]

1. e4 e6 2. d4 d5 3. exd5 exd5 4. Bd3 Bd6 5. Ne2 Bg4 6. Nbc3 c6 7. h3 Bh5 8.
Bd2 Qc7 9. Qc1 Nf6 10. Be3 Nbd7 11. Qd2 O-O 12. g4 Bg6 13. O-O-O Ne4 14. Bxe4
Bxe4 15. Rhf1 Bf3 16. Rde1 Nb6 17. Bf4 Nc4 18. Qd3 Bxf4+ 19. Kb1 Bxe2 20. Nxe2
Nd2+ 21. Ka1 Nxf1 22. Nxf4 Qxf4 23. Qxf1 Rfe8 24. Rd1 Re7 25. a3 Rae8 26. Ka2
Re2 27. Qg1 Rxc2 28. Re1 Rxb2+ 29. Kxb2 Qd2+ 30. Kb3 Rxe1 31. Qg3 Rb1+ 32. Ka4
b5# 0-1

[Event "Bad Woerishofen 2017 - Senioren"]
[Site "Bad Woerishofen"]
[Date "2017.03.16"]
[Round "8.1"]
[White "Kierzek, Matthias"]
[Black "Frick, Christoph"]
[Result "1/2-1/2"]
[WhiteElo "2245"]
[BlackElo "2256"]
[Annotator "chessorg"]
[PlyCount "61"]
[EventDate "2017.??.??"]
[WhiteTeam "SC Fulda"]
[BlackTeam "Tuebingen"]

1. d4 d5 2. c4 c6 3. Nf3 Nf6 4. e3 Bg4 5. h3 Bxf3 6. Qxf3 e6 7. Nc3 Nbd7 8. Bd2
Bd6 9. O-O-O Qe7 10. g4 dxc4 11. Bxc4 O-O 12. Kb1 Nd5 13. Ne2 a5 14. e4 b5 15.
Bd3 Nb4 16. e5 Bc7 17. Bxb4 axb4 18. Qxc6 Ra7 19. Bxb5 Nb6 20. f4 Rfa8 21. Nc1
Nd5 22. f5 Rb8 23. fxe6 fxe6 24. Qd7 Bb6 25. Qxe7 Rxe7 26. Bc6 Ne3 27. Rd3 Nc4
28. b3 Na3+ 29. Kb2 Rf8 30. Rh2 Rf1 31. Rhd2 1/2-1/2

[Event "Bad Woerishofen 2017 - Senioren"]
[Site "Bad Woerishofen"]
[Date "2017.03.16"]
[Round "8.2"]
[White "Gundersen, Helge"]
[Black "Berry, Stephen"]
[Result "0-1"]
[WhiteElo "2134"]
[BlackElo "2272"]
[Annotator "chessorg"]
[PlyCount "84"]
[EventDate "2017.??.??"]
[BlackTeam "Wimbledon"]

1. f4 d5 2. Nf3 Bg4 3. e3 Nd7 4. d4 Ngf6 5. Bd3 e6 6. O-O Be7 7. Nbd2 O-O 8. c3
c5 9. Qe1 Bf5 10. e4 dxe4 11. Nxe4 cxd4 12. Nxd4 Nxe4 13. Bxe4 Bxe4 14. Qxe4
Qb6 15. Qe2 Nf6 16. Kh1 Bd6 17. Nf3 Rad8 18. Be3 Bc5 19. Bd4 Bxd4 20. Nxd4 Rd5
21. Rad1 Rfd8 22. g3 g6 23. Kg2 a6 24. Rd2 h5 25. h3 Qc7 26. Rdd1 b5 27. Nf3
Qb6 28. Rxd5 Rxd5 29. Rd1 Rxd1 30. Qxd1 Nd5 31. Qd2 Ne3+ 32. Kh1 Nc4 33. Qd7
Qe3 34. Ng5 Qc1+ 35. Kh2 Qxb2+ 36. Kh1 Qb1+ 37. Kh2 Qxa2+ 38. Kg1 Qb1+ 39. Kf2
Qc2+ 40. Kf3 Qxc3+ 41. Ke2 Qc2+ 42. Kf3 Ne5+ 0-1

[Event "Bad Woerishofen 2017 - Senioren"]
[Site "Bad Woerishofen"]
[Date "2017.03.16"]
[Round "8.3"]
[White "Rueberg, Jobst"]
[Black "Pribyl, Josef"]
[Result "0-1"]
[WhiteElo "2091"]
[BlackElo "2263"]
[Annotator "chessorg"]
[PlyCount "44"]
[EventDate "2017.??.??"]
[WhiteTeam "SV Ahlen 1954 e.V."]
[BlackTeam "SC 1868 Bamberg"]

1. e4 d6 2. d4 Nf6 3. Bd3 Nc6 4. c3 e5 5. Ne2 d5 6. exd5 Nxd5 7. dxe5 Nxe5 8.
Be4 Nf6 9. Qxd8+ Kxd8 10. Bg5 Be7 11. Bc2 h6 12. Bf4 Bd6 13. Nd2 Re8 14. O-O-O
Bd7 15. h3 Neg4 16. hxg4 Rxe2 17. Bxd6 cxd6 18. Rhf1 Bxg4 19. Nc4 d5 20. Ne3
Rxe3 21. Rxd5+ Nxd5 22. fxe3 Be6 0-1

[Event "Bad Woerishofen 2017 - Senioren"]
[Site "Bad Woerishofen"]
[Date "2017.03.16"]
[Round "8.4"]
[White "Baum, Bernd"]
[Black "Gerl, Hans"]
[Result "1/2-1/2"]
[WhiteElo "2223"]
[BlackElo "2043"]
[Annotator "chessorg"]
[PlyCount "44"]
[EventDate "2017.??.??"]
[WhiteTeam "SC Fulda"]
[BlackTeam "SC Bayerwald Regen/Zwiesel e.V."]

1. e4 c5 2. Nc3 e6 3. g3 d5 4. exd5 exd5 5. d4 Nf6 6. Bg5 cxd4 7. Qxd4 Be7 8.
Bg2 Nc6 9. Qa4 Bd7 10. O-O-O d4 11. Bxf6 Bxf6 12. Nd5 O-O 13. Ne2 Rc8 14. Nxf6+
Qxf6 15. Nxd4 Qxf2 16. Rd2 Qe3 17. Qb3 Qxb3 18. Nxb3 Bf5 19. Rf1 g6 20. Bxc6
Rxc6 21. Nd4 Bh3 22. Re1 Rf6 1/2-1/2

[Event "Bad Woerishofen 2017 - Senioren"]
[Site "Bad Woerishofen"]
[Date "2017.03.16"]
[Round "8.5"]
[White "Goris, Ton"]
[Black "Okrajek, Alexander"]
[Result "1/2-1/2"]
[WhiteElo "1992"]
[BlackElo "2213"]
[Annotator "chessorg"]
[PlyCount "56"]
[EventDate "2017.??.??"]
[BlackTeam "SC 1919 Siegburg e.V."]

1. e4 d6 2. d4 Nf6 3. Nc3 g6 4. f4 Bg7 5. Nf3 O-O 6. Bd3 Na6 7. e5 dxe5 8. dxe5
Nd5 9. Nxd5 Qxd5 10. Qe2 Bf5 11. Bxf5 gxf5 12. Be3 c5 13. O-O Rfd8 14. Rfd1 Qc6
15. a3 h6 16. Rxd8+ Rxd8 17. Rd1 Rd5 18. Rxd5 Qxd5 19. Qd3 Qxd3 20. cxd3 e6 21.
Nd2 b6 22. d4 Bf8 23. dxc5 Nxc5 24. Kf1 Na4 25. Bd4 Be7 26. Ke2 a6 27. b3 Nc5
28. b4 Nd7 1/2-1/2

[Event "Bad Woerishofen 2017 - Senioren"]
[Site "Bad Woerishofen"]
[Date "2017.03.16"]
[Round "8.6"]
[White "Daeubler, Heinrich"]
[Black "Kroencke, Manfred"]
[Result "1/2-1/2"]
[WhiteElo "2161"]
[BlackElo "2076"]
[Annotator "chessorg"]
[PlyCount "43"]
[EventDate "2017.??.??"]
[WhiteTeam "SC Haselmuehl"]
[BlackTeam "SG Glueckstadt von 1920 e. V."]

1. Nf3 d5 2. d4 Nf6 3. c4 e6 4. g3 Be7 5. Bg2 O-O 6. O-O Nbd7 7. Qc2 c6 8. Rd1
b6 9. b3 Bb7 10. Nc3 Rc8 11. e4 Ba6 12. e5 Ne8 13. Bf1 Nc7 14. Bd3 h6 15. Qe2
Bb7 16. cxd5 cxd5 17. Bb2 Nb8 18. Rac1 Ba6 19. Ne1 Qd7 20. Nc2 Bxd3 21. Qxd3
Nc6 22. Kg2 1/2-1/2

[Event "Bad Woerishofen 2017 - Senioren"]
[Site "Bad Woerishofen"]
[Date "2017.03.16"]
[Round "8.7"]
[White "Norman, Kenneth"]
[Black "Spurga, Josef"]
[Result "1-0"]
[WhiteElo "2136"]
[BlackElo "2007"]
[Annotator "chessorg"]
[PlyCount "37"]
[EventDate "2017.??.??"]
[BlackTeam "VfL Sindelfingen"]

1. Nf3 Nf6 2. c4 g6 3. d4 d5 4. cxd5 Nxd5 5. e4 Nb6 6. h3 Bg7 7. Nc3 O-O 8. Be3
N8d7 9. Rc1 c6 10. Be2 Nf6 11. O-O Be6 12. b3 Ne8 13. Qd2 f6 14. Rfd1 Nd6 15.
d5 cxd5 16. Bxb6 Qxb6 17. Nxd5 Nxe4 18. Nxb6 Nxd2 19. Nxa8 1-0

[Event "Bad Woerishofen 2017 - Senioren"]
[Site "Bad Woerishofen"]
[Date "2017.03.16"]
[Round "8.8"]
[White "Kelchner, Hans"]
[Black "Schneider, Alexander"]
[Result "1-0"]
[WhiteElo "2152"]
[BlackElo "2029"]
[Annotator "chessorg"]
[PlyCount "89"]
[EventDate "2017.??.??"]
[BlackTeam "Schachclub  WHV von 1887 e.V."]

1. d4 d5 2. c4 c6 3. Nf3 e6 4. Qc2 Nf6 5. g3 c5 6. cxd5 Nxd5 7. dxc5 Qa5+ 8.
Bd2 Qxc5 9. Nc3 Nc6 10. Rc1 Bd7 11. Bg2 Nxc3 12. Bxc3 f6 13. O-O Be7 14. Rfd1
Rd8 15. Bh3 Kf7 16. Qb3 Bc8 17. Bxf6 Qh5 18. Bxe7 Kxe7 19. Bg2 Rxd1+ 20. Rxd1
Qc5 21. Qa4 g5 22. Qg4 h6 23. Qe4 Qf5 24. Qe3 Qc2 25. Qd2 Qxd2 26. Rxd2 Rd8 27.
Rxd8 Kxd8 28. h4 gxh4 29. Nxh4 Na5 30. Ng6 Nc4 31. b3 Nd6 32. Ne5 Ke7 33. f4
Nf7 34. Nxf7 Kxf7 35. Kf2 b6 36. e4 Ba6 37. Bf1 Bb7 38. Ke3 Kf6 39. e5+ Ke7 40.
g4 Bc6 41. f5 Bd7 42. Kf4 Kf8 43. Bc4 exf5 44. gxf5 Bc6 45. f6 1-0

[Event "Bad Woerishofen 2017 - Senioren"]
[Site "Bad Woerishofen"]
[Date "2017.03.16"]
[Round "8.9"]
[White "Kierzek, Mira"]
[Black "Zunker, Reinhard"]
[Result "1/2-1/2"]
[WhiteElo "1974"]
[BlackElo "2121"]
[Annotator "chessorg"]
[PlyCount "48"]
[EventDate "2017.??.??"]
[WhiteTeam "SC Fulda"]
[BlackTeam "SV 1920 Hofheim"]

1. d4 Nf6 2. Nf3 e6 3. c4 d5 4. Nc3 Bb4 5. e3 O-O 6. Bd3 b6 7. O-O Bb7 8. cxd5
exd5 9. Qc2 c5 10. a3 Bxc3 11. Qxc3 Nbd7 12. Qd2 Rc8 13. a4 Ne4 14. Qe1 Re8 15.
Qd1 Re6 16. Bd2 c4 17. Be2 f5 18. Bc3 g5 19. Nd2 Ndf6 20. Rc1 g4 21. f3 Nxc3
22. Rxc3 h5 23. fxg4 fxg4 24. Qe1 Kg7 1/2-1/2

[Event "Bad Woerishofen 2017 - Senioren"]
[Site "Bad Woerishofen"]
[Date "2017.03.16"]
[Round "8.10"]
[White "Bhend, Edwin"]
[Black "Loew, Peter"]
[Result "1/2-1/2"]
[WhiteElo "2138"]
[BlackElo "2051"]
[Annotator "chessorg"]
[PlyCount "30"]
[EventDate "2017.??.??"]
[WhiteTeam "ohne"]
[BlackTeam "SC Waldkraiburg"]

1. d4 Nf6 2. Nc3 d5 3. Bg5 e6 4. e4 dxe4 5. Nxe4 Be7 6. Bxf6 Bxf6 7. Nf3 b6 8.
c3 Bb7 9. Bd3 Nd7 10. Qe2 Qe7 11. O-O O-O 12. Ba6 Bxa6 13. Qxa6 c6 14. Qb7 Rfc8
15. Nxf6+ gxf6 1/2-1/2

[Event "Bad Woerishofen 2017 - Senioren"]
[Site "Bad Woerishofen"]
[Date "2017.03.16"]
[Round "8.11"]
[White "Weinwurm, Wolfgang"]
[Black "Ganslmayer, Anton"]
[Result "1-0"]
[WhiteElo "2133"]
[BlackElo "2046"]
[Annotator "chessorg"]
[PlyCount "65"]
[EventDate "2017.??.??"]
[WhiteTeam "Ternitz"]
[BlackTeam "SC Eichenau"]

1. e4 e6 2. d4 d5 3. Nc3 dxe4 4. Nxe4 Bd7 5. Nf3 Bc6 6. Ng3 Nf6 7. c3 Nbd7 8.
Bd3 Be7 9. Qe2 O-O 10. O-O Bxf3 11. Qxf3 c6 12. Re1 Re8 13. Ne4 Nxe4 14. Rxe4
Bf6 15. Bf4 g6 16. Rae1 Bg7 17. R4e2 Qa5 18. Bc4 Rac8 19. b4 Qf5 20. g4 Qf6 21.
Qg3 g5 22. Bd2 b5 23. Bb3 Qg6 24. Bc1 h6 25. Bc2 Qf6 26. f4 gxf4 27. Bxf4 Bf8
28. Rg2 Qh8 29. g5 h5 30. g6 f5 31. Bb3 Qf6 32. Qf3 h4 33. Bg5 1-0

[Event "Bad Woerishofen 2017 - Senioren"]
[Site "Bad Woerishofen"]
[Date "2017.03.16"]
[Round "8.12"]
[White "Glatthor, Thomas"]
[Black "Weenink, Henk"]
[Result "1-0"]
[WhiteElo "2032"]
[BlackElo "2132"]
[Annotator "chessorg"]
[PlyCount "81"]
[EventDate "2017.??.??"]
[WhiteTeam "SG Hermsdorf"]
[BlackTeam "SC Soest 1922"]

1. Nf3 d5 2. g3 c6 3. Bg2 Bf5 4. d4 Nf6 5. b3 e6 6. O-O Nbd7 7. c4 Bxb1 8. Rxb1
Ne4 9. Qc2 Be7 10. Ne5 Nxe5 11. Bxe4 Ng6 12. Bg2 f5 13. Bd2 O-O 14. e3 Rc8 15.
c5 Nh8 16. f3 Bf6 17. Bc3 Nf7 18. f4 Nh6 19. h3 Kh8 20. Qe2 Qe8 21. Bf3 g5 22.
Bh5 Qd7 23. Kh2 Rg8 24. g4 fxg4 25. Bxg4 Nf5 26. Qd3 Nh6 27. f5 e5 28. Rb2 e4
29. Qd1 b6 30. b4 bxc5 31. bxc5 Rb8 32. Qb1 Qc7+ 33. Kg2 Rxb2+ 34. Qxb2 Rb8 35.
Qc1 Qb7 36. Rf2 Qc8 37. Qf1 Rb5 38. Be2 Rb8 39. Bg4 Ng8 40. Rc2 Bg7 41. f6 1-0

[Event "Bad Woerishofen 2017 - Senioren"]
[Site "Bad Woerishofen"]
[Date "2017.03.16"]
[Round "8.14"]
[White "Nordby, Bernt"]
[Black "Maes, Valery"]
[Result "1/2-1/2"]
[WhiteElo "2015"]
[BlackElo "2097"]
[Annotator "chessorg"]
[PlyCount "46"]
[EventDate "2017.??.??"]
[WhiteTeam "Fredrikstad SS"]
[BlackTeam "Krefelder SK Turm 1851 e.V."]

1. d4 d5 2. c4 e6 3. Nc3 Nf6 4. Bg5 Be7 5. e3 O-O 6. Nf3 b6 7. Qc2 Bb7 8. Bxf6
Bxf6 9. cxd5 exd5 10. Bd3 g6 11. O-O-O Nc6 12. a3 Ne7 13. Ne5 c5 14. f4 c4 15.
Be2 Bg7 16. Bf3 Rc8 17. e4 f6 18. Ng4 f5 19. exf5 Nxf5 20. Qf2 Qd6 21. Ne5 Ne7
22. Qe3 Nf5 23. Qf2 Ne7 1/2-1/2

[Event "Bad Woerishofen 2017 - Senioren"]
[Site "Bad Woerishofen"]
[Date "2017.03.16"]
[Round "8.15"]
[White "Lange, Manfred"]
[Black "Bohnstorff, Michael"]
[Result "1/2-1/2"]
[WhiteElo "2081"]
[BlackElo "2042"]
[Annotator "chessorg"]
[PlyCount "101"]
[EventDate "2017.??.??"]
[WhiteTeam "SV Würzburg von 1865 e.V."]
[BlackTeam "SC Turm Lueneburg e.V."]

1. e4 g6 2. d4 Bg7 3. c4 d6 4. Nc3 Nd7 5. Be3 e5 6. d5 Ne7 7. Bd3 O-O 8. Qd2
Nc5 9. Bc2 f5 10. f3 a5 11. Bh6 Bd7 12. Bxg7 Kxg7 13. h4 h6 14. Nge2 fxe4 15.
Nxe4 Nxe4 16. Bxe4 Bf5 17. Ng3 Bxe4 18. fxe4 Qd7 19. Qe2 Rf4 20. O-O-O Qg4 21.
Qxg4 Rxg4 22. Rh3 Rf8 23. h5 g5 24. c5 Rf2 25. cxd6 cxd6 26. Rd2 Rgf4 27. Rxf2
Rxf2 28. Nf5+ Nxf5 29. exf5 Rxf5 30. Rb3 Rf7 31. Rb6 Rd7 32. g4 e4 33. Kd2 Kf6
34. Ke3 Ke5 35. Rb5 Rf7 36. Rxa5 Rf3+ 37. Ke2 Rg3 38. Rb5 Rxg4 39. a4 Kd4 40.
Rxb7 Rg2+ 41. Kf1 Rh2 42. a5 e3 43. Rb3 Kxd5 44. Ra3 Rxb2 45. a6 Rb8 46. a7 Ra8
47. Ke2 Kc5 48. Kxe3 Kb6 49. Rd3 Kc5 50. Ra3 Kb6 51. Rd3 1/2-1/2

[Event "Bad Woerishofen 2017 - Senioren"]
[Site "Bad Woerishofen"]
[Date "2017.03.16"]
[Round "8.16"]
[White "Walther, Reinhard"]
[Black "Heppell, Ian"]
[Result "0-1"]
[WhiteElo "2008"]
[BlackElo "2077"]
[Annotator "chessorg"]
[PlyCount "70"]
[EventDate "2017.??.??"]
[WhiteTeam "SK 1911 Herzogenaurach e.V."]
[BlackTeam "Wimbledon"]

1. d4 d6 2. e4 Nf6 3. Nc3 Nbd7 4. f4 e5 5. dxe5 dxe5 6. fxe5 Nxe5 7. Qxd8+ Kxd8
8. Bg5 Be6 9. Nf3 Bd6 10. O-O-O Kc8 11. h3 a6 12. Nd4 Re8 13. Nxe6 Rxe6 14. Be2
Nfd7 15. g4 b6 16. Rhf1 Kb7 17. Bf4 Rf8 18. a3 Ree8 19. b4 Rd8 20. Kb2 h6 21.
Rd5 Rde8 22. Kb3 Nf6 23. Rd2 Nfd7 24. Rfd1 g5 25. Bh2 Re6 26. Rf1 Rd8 27. Rf5
f6 28. Bf1 c6 29. Be2 Be7 30. Bg1 Nc5+ 31. bxc5 Rxd2 32. cxb6 c5 33. Be3 Rxb6+
34. Ka4 Rxc2 35. Bxc5 Bxc5 0-1

[Event "Bad Woerishofen 2017 - Senioren"]
[Site "Bad Woerishofen"]
[Date "2017.03.16"]
[Round "8.17"]
[White "Krueger, Norbert"]
[Black "Keller, Harald"]
[Result "1/2-1/2"]
[WhiteElo "2006"]
[BlackElo "2075"]
[Annotator "chessorg"]
[PlyCount "40"]
[EventDate "2017.??.??"]
[WhiteTeam "Ratinger SK"]
[BlackTeam "SV Rottweil"]

1. e4 Nf6 2. e5 Nd5 3. c4 Nb6 4. c5 Nd5 5. Bc4 e6 6. d4 d6 7. cxd6 cxd6 8. Nf3
Be7 9. O-O Nc6 10. a3 a6 11. exd6 Qxd6 12. Nc3 Nxc3 13. bxc3 b5 14. Bd3 O-O 15.
Re1 Bb7 16. Qe2 Rfd8 17. Ng5 g6 18. Be4 Rd7 19. Nxh7 f5 20. Ng5 Bxg5 1/2-1/2

[Event "Bad Woerishofen 2017 - Senioren"]
[Site "Bad Woerishofen"]
[Date "2017.03.16"]
[Round "8.18"]
[White "Dahlhaus, Friedhelm"]
[Black "Harsch, Martin"]
[Result "1-0"]
[WhiteElo "2059"]
[BlackElo "2014"]
[Annotator "chessorg"]
[PlyCount "43"]
[EventDate "2017.??.??"]
[WhiteTeam "DJK Wacker Bergeborbeck 1922"]
[BlackTeam "Saanenland"]

1. e4 c6 2. d4 d5 3. exd5 cxd5 4. c4 Nf6 5. Nc3 Nc6 6. Bg5 e6 7. c5 Be7 8. Bb5
O-O 9. Bxc6 bxc6 10. Nf3 h6 11. Bh4 Qa5 12. O-O Bd7 13. Ne5 Rad8 14. a3 Rfe8
15. b4 Qa6 16. Qc2 Qb7 17. Rab1 a6 18. a4 Rc8 19. Rfc1 g5 20. Bg3 Nh5 21. Qd3
Bf8 22. Qf3 1-0

[Event "Bad Woerishofen 2017 - Senioren"]
[Site "Bad Woerishofen"]
[Date "2017.03.16"]
[Round "8.19"]
[White "Neese, Hans-Joachim"]
[Black "Abegg, Beat"]
[Result "1-0"]
[WhiteElo "2106"]
[BlackElo "1904"]
[Annotator "chessorg"]
[PlyCount "57"]
[EventDate "2017.??.??"]
[BlackTeam "SK Altdorf"]

1. d4 d5 2. Nf3 c6 3. Bf4 Qb6 4. Qc1 Bg4 5. Nbd2 Bxf3 6. Nxf3 e6 7. e3 Nd7 8.
Bd3 Ngf6 9. h3 Be7 10. O-O O-O 11. c3 Qd8 12. Re1 Nh5 13. Bh2 f5 14. c4 g5 15.
Qd1 Ng7 16. cxd5 exd5 17. Qc2 Qe8 18. Qb3 g4 19. Ne5 Nxe5 20. Bxe5 Qd7 21. hxg4
fxg4 22. e4 Bf6 23. exd5 cxd5 24. Rac1 Bxe5 25. Rxe5 Rad8 26. Rxd5 Qf7 27. Rxd8
Qxb3 28. Rxf8+ Kxf8 29. axb3 1-0

[Event "Bad Woerishofen 2017 - Senioren"]
[Site "Bad Woerishofen"]
[Date "2017.03.16"]
[Round "8.20"]
[White "Meinke, Dietlind"]
[Black "Villing, Dieter"]
[Result "0-1"]
[WhiteElo "1904"]
[BlackElo "2089"]
[Annotator "chessorg"]
[PlyCount "76"]
[EventDate "2017.??.??"]
[WhiteTeam "MTV Leck von 1889"]
[BlackTeam "SK 1962 Ladenburg"]

1. e4 e6 2. Nc3 b6 3. Nf3 Bb7 4. d4 Bb4 5. Bd3 Nf6 6. Qe2 d5 7. e5 Ne4 8. Bd2
Bxc3 9. bxc3 c5 10. Bb5+ Nd7 11. O-O O-O 12. Ba6 Bxa6 13. Qxa6 f6 14. exf6 Rxf6
15. Bg5 Nxg5 16. Nxg5 cxd4 17. cxd4 h6 18. Nh3 Qc7 19. Qd3 Rc8 20. Rac1 Qc3 21.
Rfe1 Nf8 22. g3 Ng6 23. f4 Ne7 24. Nf2 Nf5 25. Re2 Qb2 26. Ree1 Qxa2 27. Ng4
Rff8 28. Rxe6 Qc4 29. Qxc4 Rxc4 30. Kf2 Rfc8 31. Re5 Rxc2+ 32. Rxc2 Rxc2+ 33.
Ke1 Nxd4 34. Rxd5 Nc6 35. Kd1 Rc4 36. Ne3 Rd4+ 37. Rxd4 Nxd4 38. Nd5 Kf7 0-1

[Event "Bad Woerishofen 2017 - Senioren"]
[Site "Bad Woerishofen"]
[Date "2017.03.16"]
[Round "8.21"]
[White "Rumsey, Victor"]
[Black "Hunold, Rolf"]
[Result "1/2-1/2"]
[WhiteElo "1897"]
[BlackElo "2081"]
[Annotator "chessorg"]
[PlyCount "80"]
[EventDate "2017.??.??"]
[WhiteTeam "Battersea"]
[BlackTeam "Schachverein Letmathe 1933 e.V."]

1. d4 Nf6 2. c4 g6 3. Nc3 Bg7 4. e4 d6 5. Be2 O-O 6. Nf3 e5 7. O-O Nc6 8. d5
Ne7 9. Ne1 Ne8 10. Be3 f5 11. f3 f4 12. Bf2 g5 13. c5 Ng6 14. Rc1 Rf7 15. cxd6
cxd6 16. a4 Bf8 17. Nb5 Bd7 18. Kh1 h5 19. Na3 Nf6 20. Bb5 Bc8 21. Qc2 Rg7 22.
Bd3 g4 23. Nb5 Bd7 24. Qc7 Qxc7 25. Rxc7 a6 26. Nc3 Be8 27. Rxg7+ Kxg7 28. Nc2
Rc8 29. a5 Be7 30. Na3 Nf8 31. Nc4 N8d7 32. b4 Bg6 33. Rb1 Ne8 34. Be1 Nc7 35.
Rd1 Be8 36. Rb1 Bg6 37. Rd1 Kh6 38. Be2 Nf6 39. Nb6 Rg8 40. Rc1 Be8 1/2-1/2

[Event "Bad Woerishofen 2017 - Senioren"]
[Site "Bad Woerishofen"]
[Date "2017.03.16"]
[Round "8.22"]
[White "Zwetz, Anita"]
[Black "Waltenberger, Udo"]
[Result "0-1"]
[WhiteElo "1813"]
[BlackElo "2055"]
[Annotator "chessorg"]
[PlyCount "124"]
[EventDate "2017.??.??"]
[WhiteTeam "TSV Kareth-Lappersdorf"]
[BlackTeam "SV Eiche Reichenbrand"]

1. d4 d5 2. Nf3 g6 3. c3 Bg7 4. Bg5 Nd7 5. Nbd2 Ngf6 6. e3 O-O 7. Bd3 c5 8. O-O
b6 9. e4 cxd4 10. Nxd4 Nc5 11. Bb5 Bb7 12. Bc6 Bxc6 13. Nxc6 Qd6 14. Bxf6 Bxf6
15. exd5 Qxd5 16. Nb4 Qd7 17. Qe2 Rad8 18. Nf3 a5 19. Rfd1 Qb7 20. Nd3 Qe4 21.
Qxe4 Nxe4 22. Nde5 Nc5 23. b3 Ne4 24. c4 Nc3 25. Rxd8 Rxd8 26. Kf1 Bxe5 27.
Nxe5 Rd2 28. a3 f6 29. Nc6 Kf7 30. b4 Rd6 31. Rc1 Na2 32. Rc2 Rxc6 33. Rxa2
axb4 34. axb4 Rxc4 35. Rb2 b5 36. Ke2 Ke6 37. Kd3 Kd5 38. f3 e5 39. Ke3 f5 40.
Rd2+ Rd4 41. Rb2 g5 42. g3 h5 43. h3 Rc4 44. Rd2+ Ke6 45. Rb2 Ke7 46. Kd3 e4+
47. fxe4 fxe4+ 48. Ke3 Ke6 49. h4 gxh4 50. gxh4 Ke5 51. Rg2 Rc3+ 52. Kd2 Rf3
53. Rg5+ Rf5 54. Rg8 Kd4 55. Rd8+ Kc4 56. Ke3 Re5 57. Rd4+ Kc3 58. Rxe4 Rxe4+
59. Kxe4 Kxb4 60. Kd3 Kb3 61. Kd2 b4 62. Kc1 Ka2 0-1

[Event "Bad Woerishofen 2017 - Senioren"]
[Site "Bad Woerishofen"]
[Date "2017.03.16"]
[Round "8.23"]
[White "Hansch, Klaus-Michael"]
[Black "Sand, Rolf"]
[Result "1/2-1/2"]
[WhiteElo "1890"]
[BlackElo "2041"]
[Annotator "chessorg"]
[PlyCount "81"]
[EventDate "2017.??.??"]
[WhiteTeam "SC Weisse Dame e.V."]

1. d4 Nf6 2. Nc3 d5 3. Bg5 c5 4. Nf3 Ne4 5. e3 Nxg5 6. Nxg5 e6 7. Nf3 Nc6 8.
Ne2 Bd6 9. c3 O-O 10. dxc5 Bxc5 11. Ned4 Re8 12. Be2 e5 13. Nxc6 bxc6 14. O-O
Bf5 15. Re1 Qd6 16. Qa4 Bb6 17. Nh4 Be6 18. Bg4 e4 19. Qd1 g6 20. Bxe6 Qxe6 21.
g3 Rad8 22. Ng2 c5 23. Nf4 Qe5 24. Ne2 d4 25. cxd4 cxd4 26. Nxd4 Bxd4 27. exd4
Rxd4 28. Qc2 Red8 29. Re2 Qd5 30. Rae1 f5 31. b3 Rd3 32. Rc1 Kg7 33. Qb2+ Kh6
34. Qc2 Rd7 35. Rce1 Qd4 36. Qc1+ Kg7 37. Qa1 Qxa1 38. Rxa1 Kf6 39. Rb2 Rd1+
40. Rxd1 Rxd1+ 41. Kg2 1/2-1/2

[Event "Bad Woerishofen 2017 - Senioren"]
[Site "Bad Woerishofen"]
[Date "2017.03.16"]
[Round "8.25"]
[White "Engbrecht, Helmut"]
[Black "Reimann, Guenther"]
[Result "1-0"]
[WhiteElo "1951"]
[BlackElo "1873"]
[Annotator "chessorg"]
[PlyCount "95"]
[EventDate "2017.??.??"]
[WhiteTeam "SV Schorndorf"]
[BlackTeam "SC Magstadt"]

1. f4 e6 2. Nf3 d5 3. e3 Nf6 4. b3 c5 5. Bb5+ Bd7 6. Bxd7+ Nbxd7 7. Bb2 a6 8.
O-O Be7 9. Ne5 O-O 10. d3 Ne8 11. Nd2 f6 12. Nxd7 Qxd7 13. Qh5 Bd6 14. e4 Qf7
15. Qh3 Rd8 16. e5 Be7 17. Nf3 f5 18. a4 Nc7 19. d4 Rc8 20. c3 Na8 21. Kh1 Rc7
22. dxc5 Rxc5 23. b4 Rc4 24. Nd2 Rc7 25. a5 Rfc8 26. Nb3 Rc4 27. Rac1 Nc7 28.
Nd4 Nb5 29. Nxb5 axb5 30. Qf3 R8c7 31. h3 d4 32. cxd4 Rxc1 33. Rxc1 Rxc1+ 34.
Bxc1 Bxb4 35. Qb3 Bxa5 36. Qxb5 b6 37. Ba3 h6 38. Qc6 Qh5 39. Qxe6+ Kh7 40. d5
Bd2 41. Qxb6 Bxf4 42. e6 Qd1+ 43. Qg1 Qxd5 44. e7 Qd7 45. Qe1 Qe8 46. g3 Bb8
47. Qe6 Bxg3 48. Qxf5+ 1-0